00985 2200313 4500001002100000005001500021035002000036007000300056008004100059020002200100082001400122084001600136100002300152245013700175250001500312300004500327650002000372700003100392264004100423336002100464337003000485338002300515040002200538090002200560850001200582504003300594999002200627990002200649INLIS00000000089580620250502011218 a0010-0525000052ta250502s2024 yoia g ind d a978-602-51282-1-904223a304.2 a304.2 NOV b0 aNoviatiePengarang10aBelajar lengkap tentang antroposfer :bpendampingan belajar geografi untuk SMA kurikulum 2013 /cNoviati; penyunting, Daru Wijayanti aEdisi 2024 av, 114 halaman :btabel, gambar ;c23 cm 4aAntropogeografi0 aDaru WijayantiePenyunting31aYogyakarta :bAlexander Books,c2024 2rdacontentateks 2rdamediaatanpa perantara 2rdacarrieravolume aYOPDYOGbinderda aCB-D.11 2024-6394 aYOPDYOG aBibliografi: halaman 110-113 aCB-D.11/2024-6394 aCB-D.11/2024-6394